• 首页
  • 本馆介绍
  • 公告通知
  • 最新文献
  • 馆藏检索
  • 电子资源
  • 读者导购
  • 参考咨询
  • 我的图书馆
  • 登录
  • 详细信息显示
  • 放入我的书架
  • 预约/预借图书
  • 作者相关作品
  • 分类相关作品
  • 丛书相关作品
  • 出版社相关作品

书目信息

  • 表格格式
  • 工作单格式
  • 卡片格式
题名:
图解肺癌诊治照护全书
    
 
作者: ;台北荣民总医院 著
分册:  
出版信息: 武汉   湖北科学技术出版社  2017
页数: 12, 219页
开本: 24cm
丛书名:
单 册:
中图分类: R734.2
科图分类:
主题词: 肺癌--fei ai--诊疗--图解
电子资源:
ISBN: 978-7-5352-9011-3
000 01216nam0 2200241 450
001 012017000143
005 20180111090417.14
010    @a978-7-5352-9011-3@dCNY 56.00
100    @a20161110d2017 em y0chiy0121 ea
101 0  @achi
102    @aCN@b420000
105    @aa z 000yy
200 1  @a图解肺癌诊治照护全书@Atu jie fei ai zhen zhi zhao hu quan shu@f台北荣民总医院肺癌治疗团队著
210    @a武汉@c湖北科学技术出版社@d2017
215    @a12, 219页@c图@d24cm
330    @a本书详尽完整解析肺癌, 从分类、原因、筛检、症状、诊断、各项检查、病理与分子诊断、肺癌的分期与治疗方法, 举凡手术、化疗、放射线治疗、第一代与第二代的标靶药物治疗、健保给付药物有哪些? 基因检测、到肺癌治疗期间的生活照护、复健运动计划……等, 巨细靡遗解说肺癌的种种。无论是大家关注的标靶药物的治疗, 抗药性及因应对策, 或是肺癌定期追踪计划与常见检查项目, 最热门直接决定治疗方向策略的肺癌基因检测, 都在书中详细阐述说明。
517 1  @a肺癌诊治照护全书@Afei ai zhen zhi zhao hu quan shu
606 0  @a肺癌@Afei ai@x诊疗@j图解
690    @aR734.2@v5
711 02 @a台北荣民总医院@Atai bei rong min zong yi yuan@b肺癌治疗团队@Bfei ai zhi liao tuan dui@4著
801  0 @aCN@b湖北三新@c20170320
905    @aBZT@dR734.2@e11
906    @dCNY56.00@n5@r1
    
    图解肺癌诊治照护全书/台北荣民总医院肺癌治疗团队著.-武汉:湖北科学技术出版社,2017
    12, 219页:图;24cm
    
    
    ISBN 978-7-5352-9011-3:CNY 56.00
    本书详尽完整解析肺癌, 从分类、原因、筛检、症状、诊断、各项检查、病理与分子诊断、肺癌的分期与治疗方法, 举凡手术、化疗、放射线治疗、第一代与第二代的标靶药物治疗、健保给付药物有哪些? 基因检测、到肺癌治疗期间的生活照护、复健运动计划……等, 巨细靡遗解说肺癌的种种。无论是大家关注的标靶药物的治疗, 抗药性及因应对策, 或是肺癌定期追踪计划与常见检查项目, 最热门直接决定治疗方向策略的肺癌基因检测, 都在书中详细阐述说明。
●
相关链接 在五车中查询图书 在当当中查询图书 在豆瓣中查询图书


正题名:图解肺癌诊治照护全书     索取号:R734.2/11         预约/预借

序号 登录号 条形码 馆藏地/架位号 状态 备注
1 847106   2000847106   第二书库/ [索取号:R734.2/11] 在馆    
2 847107   2000847107   第二书库/ [索取号:R734.2/11] 在馆    
山东省滨州职业学院图书馆 欢迎您!
大连网信软件有限公司© 版权所有